| 000 | 00580nam a2200181Ia 4500 | ||
|---|---|---|---|
| 003 | GCL | ||
| 008 | 140319s9999 xx 000 0 ara d | ||
| 040 |
_aGCL / _cGCL |
||
| 082 | 0 | 4 |
_a217.6 _bا ف |
| 100 | 1 | _aاوليفين كاريه | |
| 245 | 1 | 0 |
_aفى ظلال القران: رؤية استشارقية فرنسية / _cاوليفين كاريه |
| 700 | 1 | _aمحمد رضا عجاج (مترجم) | |
| 260 |
_a[S.N] : _bالزهراء للاعلام العربى ، _c1993 |
||
| 300 | _a390 | ||
| 490 | _a | ||
| 650 | 0 | 4 | _aالاخوان المسلمون |
| 942 |
_2ddc _cBK |
||
| 999 |
_c52759 _d52759 |
||